Stop talking start doing : A kick in the pants in six parts

Bibliographic Details
Main Author: Wasmund, Shaa, 1972-
Other Authors: Newton, Richard
Format: Book
Published: Padstow, Cornwall, UK : TJ International Ltd , 2012
Subjects:

MARC

LEADER 00000cam a2200000 7i4500
001 0000003954
005 20121101.0
020 0 0 |a 9780857081735 
090 0 0 |a 650.1   |b SHAA 2012 
100 1 0 |a Wasmund, Shaa, 1972- 
245 1 0 |a Stop talking start doing :   |b A kick in the pants in six parts   |c Shaa Wasmund 
260 0 0 |a Padstow, Cornwall, UK :   |b TJ International Ltd ,   |c 2012 
650 0 0 |a Self-realization 
650 0 0 |a Succes in business 
650 0 0 |a Success 
700 1 1 |a Newton, Richard 
999 |a 007733   |b Monograph   |c Open Shelf   |e Default branch